000 00460nam a2200181Ia 4500
005 20240913130115.0
008 240913s9999||||xx |||||||||||||| ||und||
041 _aENGLISH
082 _A621.367 M9
100 _aSchalkoff,Robert J
245 0 _aDigital Image Processing and Computer Vision
250 _a1st
260 _c1989
_bJohn Wiley,New York
500 _aREFERENCE
650 _aImage Processing
_bElectronics
942 _cREF
999 _c246980
_d246980